000 00556nam a2200181Ia 4500
008 100920s9999 xx 000 0 und d
082 _b84450
_a--- न 03
100 _aखानोलकर चिंतामणी त्र्यंबक.
245 _aअजगर.
260 _bमौज प्रकाशन गृह, मुंबई.
_c2003
300 _a90
_bसाधी
365 _b70
520 _aकादंबरी.
630 _aअजगर.
650 _aकादंबरी.
730 _aअजगर.
942 _cBOOK
999 _c725002
_d724999